00303pab a2200121 454500008004000000100001800040245005500058260000900113300001500122362001000137650001400147773002000161180718b2013 xxu||||| |||| 00| 0 eng d aGoyal, Sanjay aEducation for preserving local and folk literature c2013 ap.151-153. a4 Feb aEducation aUniversity News